[Event "Mecklenburg VP Verbandsliga 2122"]
[Site "Mecklenburg VP"]
[Date "2022.03.06"]
[Round "6.1"]
[White "Stoevesand, Peter"]
[Black "Mangold, Thomas"]
[Result "1-0"]
[WhiteElo "1754"]
[BlackElo "2012"]
[PlyCount "109"]
[EventDate "2021.10.24"]
[EventType "team-tourn"]
[EventRounds "9"]
[EventCountry "GER"]
[SourceTitle "EXT 2024"]
[Source "ChessBase"]
[SourceDate "2023.10.10"]
[SourceVersion "1"]
[SourceVersionDate "2023.10.10"]
[SourceQuality "1"]
[WhiteTeam "Neubrandenburg SG Eintracht"]
[BlackTeam "Rostock SSC 07"]
[WhiteTeamCountry "GER"]
[BlackTeamCountry "GER"]

1. e4 d6 2. d4 Nf6 3. Nc3 Nbd7 4. Nf3 e5 5. Be3 Be7 6. Be2 c6 7. dxe5 dxe5 8. 0-0 0-0 9. a3 Qc7 10. Nd2 b5 11. h3 a5 12. a4 b4 13. Ncb1 Nc5 14. f3 Ne6 15. Nb3 Nh5 16. N1d2 Ng3 17. Rf2 Nxe2+ 18. Qxe2 Ba6 19. Nc4 c5 20. Nbd2 Nd4 21. Bxd4 cxd4 22. b3 Bg5 23. Qd3 Rac8 24. Rd1 Be3 25. Kf1 Bxd2 26. Rdxd2 Bxc4 27. Qxc4 Qxc4+ 28. bxc4 Rxc4 29. f4 f6 30. Ke1 g6 31. Rf3 Rfc8 32. fxe5 fxe5 33. Kd1 Rc3 34. Rf6 Ra3 35. Re6 Ra1+ 36. Ke2 Rc5 37. Kf3 Kf7 38. Ra6 Rf1+ 39. Kg4 Rf4+ 40. Kg5 Rxe4 41. g3 Rc7 42. Rxa5 Kg7 43. g4 Rf7 44. Rd3 Re2 45. Rc5 Ra7 46. a5 h6+ 47. Kh4 Kf7 48. Rb3 Ke7 49. Rxb4 Kd6 50. Rbb5 Re3 51. Rc8 Rh7 52. Rb6+ Kd7 53. Ra8 g5+ 54. Kh5 Rxh3+ 55. Kg6 1-0

[Event "Mecklenburg VP VL1819"]
[Site "Mecklenburg VP"]
[Date "2019.04.07"]
[Round "9.1"]
[White "Wolke, Heiko"]
[Black "Mangold, Thomas"]
[Result "1/2-1/2"]
[WhiteElo "1961"]
[BlackElo "2055"]
[PlyCount "80"]
[EventDate "2018.10.21"]
[EventType "team-tourn"]
[EventRounds "9"]
[EventCountry "GER"]
[SourceTitle "EXT 2022"]
[Source "ChessBase"]
[SourceDate "2021.10.06"]
[SourceVersion "1"]
[SourceVersionDate "2021.10.06"]
[SourceQuality "1"]
[WhiteTeam "Warnemuende SF Ostsee"]
[BlackTeam "Rostock SSC 07"]
[WhiteTeamCountry "GER"]
[BlackTeamCountry "GER"]

1. e4 e5 2. Nf3 Nc6 3. d4 exd4 4. Bc4 Nf6 5. 0-0 d6 6. Nxd4 Be7 7. Nc3 0-0 8. Nxc6 bxc6 9. Qe2 Re8 10. e5 Bf8 11. Qf3 Rxe5 12. Qxc6 Bd7 13. Qf3 Bg4 14. Qg3 Qd7 15. h3 Bf5 16. Bb3 a5 17. Bg5 Ne4 18. Nxe4 Bxe4 19. Bf4 Ree8 20. Rac1 Rab8 21. Qc3 a4 22. Bc4 g6 23. b3 Qc6 24. Qg3 Bg7 25. Bd3 Bxd3 26. Qxd3 Qe4 27. Qxe4 Rxe4 28. Be3 f5 29. g3 Kf7 30. Rfd1 Ke6 31. Kg2 d5 32. Kf3 c6 33. Rd3 Be5 34. Rcd1 f4 35. gxf4 Rf8 36. c4 Bxf4 37. cxd5+ cxd5 38. Rxd5 Rb4 39. Ke2 Bxe3 40. fxe3 axb3 1/2-1/2

[Event "Mecklenburg VP VL1819"]
[Site "Mecklenburg VP"]
[Date "2019.02.24"]
[Round "6.1"]
[White "Reyer, Ulli"]
[Black "Mangold, Thomas"]
[Result "1/2-1/2"]
[WhiteElo "2094"]
[BlackElo "2055"]
[PlyCount "25"]
[EventDate "2018.10.21"]
[EventType "team-tourn"]
[EventRounds "9"]
[EventCountry "GER"]
[SourceTitle "EXT 2022"]
[Source "ChessBase"]
[SourceDate "2021.10.06"]
[SourceVersion "1"]
[SourceVersionDate "2021.10.06"]
[SourceQuality "1"]
[WhiteTeam "Greifswald II"]
[BlackTeam "Rostock SSC 07"]
[WhiteTeamCountry "GER"]
[BlackTeamCountry "GER"]

1. e4 e5 2. Nf3 Nc6 3. Bc4 Bc5 4. c3 Nf6 5. d3 d6 6. Bb3 a6 7. Nbd2 Ba7 8. h3 Ne7 9. Nf1 Ng6 10. Ng3 c6 11. d4 0-0 12. 0-0 Qe7 13. Re1 1/2-1/2

[Event "Mecklenburg VP VL 1718"]
[Site "Mecklenburg VP"]
[Date "2018.03.18"]
[Round "7.1"]
[White "Rossmann, Andreas"]
[Black "Mangold, Thomas"]
[Result "0-1"]
[WhiteElo "1942"]
[BlackElo "2002"]
[PlyCount "60"]
[EventDate "2017.10.08"]
[EventType "team-tourn"]
[EventRounds "9"]
[EventCountry "GER"]
[SourceTitle "EXT 2022"]
[Source "ChessBase"]
[SourceDate "2021.10.06"]
[SourceVersion "1"]
[SourceVersionDate "2021.10.06"]
[SourceQuality "1"]
[WhiteTeam "Neubrandenburg SG Eintracht"]
[BlackTeam "Rostock SSC 07"]
[WhiteTeamCountry "GER"]
[BlackTeamCountry "GER"]

1. Nf3 Nf6 2. g3 g6 3. Bg2 Bg7 4. 0-0 0-0 5. d4 c5 6. d5 d6 7. c4 b5 8. cxb5 a6 9. Nc3 axb5 10. Nxb5 Ba6 11. Nc3 Nbd7 12. Re1 Qb6 13. e4 Ng4 14. Bf1 c4 15. Qc2 Rfb8 16. Re2 Nde5 17. Nxe5 Nxe5 18. Be3 Qb4 19. Rd1 Bc8 20. h3 Nd3 21. Rdd2 Qa5 22. Nd1 Qxa2 23. Kg2 Bd7 24. Nc3 Qa5 25. Nd1 Qb4 26. f4 Ra1 27. Nc3 Rc1 28. Na2 Rxc2 29. Nxb4 Rxd2 30. Rxd2 Rxb4 0-1

[Event "Mecklenburg VP VL 1718"]
[Site "Mecklenburg VP"]
[Date "2017.11.12"]
[Round "2.1"]
[White "Mangold, Thomas"]
[Black "Dettmann, Gerd"]
[Result "1/2-1/2"]
[WhiteElo "2002"]
[BlackElo "2107"]
[PlyCount "39"]
[EventDate "2017.10.08"]
[EventType "team-tourn"]
[EventRounds "9"]
[EventCountry "GER"]
[SourceTitle "EXT 2022"]
[Source "ChessBase"]
[SourceDate "2021.10.06"]
[SourceVersion "1"]
[SourceVersionDate "2021.10.06"]
[SourceQuality "1"]
[WhiteTeam "Rostock SSC 07"]
[BlackTeam "Guestrow/Teterow"]
[WhiteTeamCountry "GER"]
[BlackTeamCountry "GER"]

1. c4 e5 2. g3 Nf6 3. Bg2 d5 4. cxd5 Nxd5 5. Nf3 Nc6 6. 0-0 Be7 7. d4 e4 8. Ne5 f5 9. Nxc6 bxc6 10. Nc3 0-0 11. f3 exf3 12. Bxf3 Be6 13. Qa4 Qd7 14. Nxd5 Bxd5 15. Bd2 Rab8 16. b3 Rbd8 17. Rac1 Bxf3 18. Rxf3 Qxd4+ 19. Qxd4 Rxd4 20. Bf4 1/2-1/2

[Event "Mecklenburg VP VL 1516"]
[Site "Mecklenburg VP"]
[Date "2015.11.15"]
[Round "3.3"]
[White "Mangold, Thomas"]
[Black "Glawe, Hartmut"]
[Result "1-0"]
[WhiteElo "1937"]
[BlackElo "1908"]
[PlyCount "167"]
[EventDate "2015.09.20"]
[EventType "team-tourn"]
[EventRounds "9"]
[EventCountry "GER"]
[SourceTitle "EXT 2022"]
[Source "ChessBase"]
[SourceDate "2021.10.06"]
[SourceVersion "1"]
[SourceVersionDate "2021.10.06"]
[SourceQuality "1"]
[WhiteTeam "Rostock SSC 07 II"]
[BlackTeam "Stralsund FHSG"]
[WhiteTeamCountry "GER"]
[BlackTeamCountry "GER"]

1. d4 Nf6 2. c4 e6 3. Nc3 d5 4. cxd5 exd5 5. Bg5 Bb4 6. Qc2 c5 7. a3 Bxc3+ 8. bxc3 cxd4 9. cxd4 Nc6 10. Bxf6 Qxf6 11. e3 0-0 12. Bd3 Re8 13. Ne2 g6 14. 0-0 Bd7 15. Qb3 Qd6 16. Rfc1 Na5 17. Qc3 Nc6 18. Qc5 Qxc5 19. Rxc5 Ne7 20. Nf4 Bc6 21. Rac1 a6 22. Be2 Rad8 23. Bf3 Rd6 24. Nd3 b6 25. R5c3 Bb5 26. Nb2 Rc6 27. Rxc6 Bxc6 28. Nd3 Bb5 29. Nb2 Bc6 30. Be2 Kf8 31. Rc3 b5 32. Nd3 a5 33. Ne5 b4 34. axb4 axb4 35. Rb3 Ra8 36. Rxb4 Ra1+ 37. Bf1 Ba4 38. g3 Bd1 39. Kg2 f6 40. Rb8+ Kg7 41. Rb7 Kf8 42. Nd7+ Kf7 43. Rb6 f5 44. Ne5+ Kg7 45. Rb7 Kf6 46. Bd3 Ra2 47. h4 Bc2 48. Rb6+ Kg7 49. Rd6 Bxd3 50. Nxd3 Ra4 51. Nf4 Ra5 52. h5 Kf7 53. Nd3 Ra4 54. Ne5+ Kg7 55. Rd7 Kf6 56. Rd6+ Kg7 57. Re6 Ra7 58. hxg6 hxg6 59. Nc6 Nxc6 60. Rxc6 Rd7 61. g4 fxg4 62. Kg3 Rf7 63. Rd6 Rf5 64. Kxg4 Kh6 65. f4 Kg7 66. Re6 Rf7 67. Rd6 Rf5 68. Re6 Rf7 69. Re5 Rd7 70. f5 gxf5+ 71. Rxf5 Rd6 72. Kf4 Rd8 73. Ke5 Re8+ 74. Kxd5 Rxe3 75. Kd6 Ra3 76. d5 Rc3 77. Kd7 Kg6 78. Rf4 Kg5 79. Rf2 Kg6 80. d6 Kg7 81. Rf4 Kg6 82. Ke6 Re3+ 83. Kd5 Rc3 84. d7 1-0

[Event "Mecklenburg VP VL 1415"]
[Site "Mecklenburg VP"]
[Date "2015.04.12"]
[Round "8.6"]
[White "Roehl, Rainer"]
[Black "Mangold, Thomas"]
[Result "1-0"]
[WhiteElo "2007"]
[BlackElo "1922"]
[PlyCount "87"]
[EventDate "2014.09.21"]
[EventType "team-tourn"]
[EventRounds "9"]
[EventCountry "GER"]
[SourceTitle "EXT 2022"]
[Source "ChessBase"]
[SourceDate "2021.10.06"]
[SourceVersion "1"]
[SourceVersionDate "2021.10.06"]
[SourceQuality "1"]
[WhiteTeam "Schwerin SF III"]
[BlackTeam "Rostock SSC 07 II"]
[WhiteTeamCountry "GER"]
[BlackTeamCountry "GER"]

1. d4 d5 2. Nf3 c6 3. e3 Nf6 4. Bd3 Bg4 5. c4 e6 6. Qb3 Qb6 7. Ne5 Bf5 8. Bxf5 exf5 9. Nc3 Qxb3 10. axb3 Nbd7 11. Nd3 a6 12. Bd2 Nb6 13. c5 Nbd7 14. f3 g6 15. Nd1 Bh6 16. Ba5 Rc8 17. Ra4 0-0 18. Rb4 Rfe8 19. Kf2 f4 20. Nxf4 Bxf4 21. exf4 Nf8 22. Rxb7 Ne6 23. g3 Rb8 24. Rxb8 Rxb8 25. Bc3 Rxb3 26. Ne3 Nd7 27. Nc2 Nc7 28. Ke3 Rb8 29. Kd3 Re8 30. Ra1 f5 31. Ba5 Ne6 32. Nb4 g5 33. Nxc6 gxf4 34. Bd2 fxg3 35. hxg3 Kf7 36. b4 Rc8 37. Rxa6 Rc7 38. Ra7 Rxc6 39. Rxd7+ Kg6 40. b5 Rxc5 41. Rd6 Rxb5 42. Rxe6+ Kf7 43. Rh6 Kg7 44. Rc6 1-0

[Event "Rostock SSC op 12th"]
[Site "Rostock"]
[Date "2013.08.02"]
[Round "5"]
[White "Puschendorf, Steffen"]
[Black "Mangold, Thomas"]
[Result "1-0"]
[WhiteElo "2220"]
[BlackElo "1884"]
[PlyCount "87"]
[EventDate "2013.07.31"]
[EventType "swiss"]
[EventRounds "7"]
[EventCountry "GER"]
[SourceTitle "EXT 2018"]
[Source "ChessBase"]
[SourceDate "2017.10.13"]
[SourceVersion "1"]
[SourceVersionDate "2017.10.13"]
[SourceQuality "1"]

1. d4 Nf6 2. c4 g6 3. Nc3 d5 4. e3 Bg7 5. cxd5 Nxd5 6. Nxd5 Qxd5 7. Ne2 0-0 8. Nc3 Qd8 9. Be2 e6 10. 0-0 c5 11. dxc5 Nd7 12. c6 bxc6 13. Qa4 Qb6 14. Bf3 Ne5 15. Be2 Rd8 16. Qc2 Ba6 17. Na4 Qa5 18. Bxa6 Qxa6 19. e4 Nd3 20. Bg5 Rd4 21. Nc3 Rb8 22. b3 Nb4 23. Qc1 Rd3 24. Na4 Qb5 25. Qf4 Be5 26. Qh4 Bxa1 27. Rxa1 Qe5 28. Rf1 Rb5 29. Bf6 Qh5 30. Qf4 g5 31. Qc1 Qg6 32. e5 a6 33. Nc5 Rd5 34. Nxa6 Nxa6 35. Qxc6 Rb8 36. Qxa6 Qd3 37. Qa7 Rc8 38. Qb7 Qc2 39. a4 Rc7 40. Qb8+ Rc8 41. Qb7 Rc7 42. Qb4 Rd1 43. Qb8+ Rc8 44. Qxc8+ 1-0

[Event "Mecklenburg VP-ch HT"]
[Site "Rostock"]
[Date "2013.05.10"]
[Round "4.3"]
[White "Mangold, Thomas"]
[Black "Fiss, Daniel"]
[Result "1/2-1/2"]
[WhiteElo "1907"]
[BlackElo "1792"]
[PlyCount "37"]
[EventDate "2013.05.09"]
[EventType "swiss"]
[EventRounds "7"]
[EventCountry "GER"]
[SourceTitle "EXT 2023"]
[Source "ChessBase"]
[SourceDate "2022.10.05"]
[SourceVersion "1"]
[SourceVersionDate "2022.10.05"]
[SourceQuality "1"]

1. c4 Nf6 2. g3 g6 3. Bg2 d6 4. Nc3 Bg7 5. e4 0-0 6. Nge2 e5 7. 0-0 Ne8 8. d4 Nc6 9. Be3 f5 10. d5 Ne7 11. Rc1 Nf6 12. Qd2 Ng4 13. Bg5 h6 14. h3 hxg5 15. hxg4 f4 16. f3 Bd7 17. b4 Kf7 18. Kf2 Ng8 19. Rh1 1/2-1/2

[Event "Oberliga Nord N 1213"]
[Site "Germany"]
[Date "2013.04.14"]
[Round "9.7"]
[White "Voelzke, Kurt"]
[Black "Mangold, Thomas"]
[Result "1/2-1/2"]
[WhiteElo "2209"]
[BlackElo "1886"]
[PlyCount "35"]
[EventDate "2012.10.14"]
[EventType "team-tourn"]
[EventRounds "9"]
[EventCountry "GER"]
[SourceTitle "EXT 2015"]
[Source "ChessBase"]
[SourceDate "2014.11.20"]
[SourceVersion "1"]
[SourceVersionDate "2014.11.20"]
[SourceQuality "1"]
[WhiteTeam "Kiel Turm"]
[BlackTeam "Rostock"]
[WhiteTeamCountry "GER"]
[BlackTeamCountry "GER"]

1. d4 Nf6 2. c4 g6 3. Nc3 d5 4. cxd5 Nxd5 5. e4 Nxc3 6. bxc3 Bg7 7. Bc4 0-0 8. Ne2 c5 9. 0-0 Nc6 10. Be3 Bd7 11. Qd2 Qa5 12. Rad1 Rfd8 13. Qb2 b5 14. Qxb5 Qxb5 15. Bxb5 Nxd4 16. Nxd4 cxd4 17. Bxd7 dxe3 18. fxe3 1/2-1/2

[Event "Oberliga Nord N 1213"]
[Site "Germany"]
[Date "2013.01.13"]
[Round "5.8"]
[White "Kornrumpf, Joachim"]
[Black "Mangold, Thomas"]
[Result "0-1"]
[WhiteElo "2066"]
[BlackElo "1886"]
[PlyCount "70"]
[EventDate "2012.10.14"]
[EventType "team-tourn"]
[EventRounds "9"]
[EventCountry "GER"]
[SourceTitle "EXT 2015"]
[Source "ChessBase"]
[SourceDate "2014.11.20"]
[SourceVersion "1"]
[SourceVersionDate "2014.11.20"]
[SourceQuality "1"]
[WhiteTeam "Preetz"]
[BlackTeam "Rostock"]
[WhiteTeamCountry "GER"]
[BlackTeamCountry "GER"]

1. b3 c5 2. Bb2 Nc6 3. Nf3 d6 4. e3 e5 5. d3 g6 6. c4 Bg7 7. a3 Nge7 8. Qc2 0-0 9. Be2 b6 10. 0-0 f5 11. Nc3 h6 12. Nd5 Nxd5 13. cxd5 Ne7 14. e4 g5 15. Nd2 Ng6 16. g3 f4 17. f3 fxg3 18. hxg3 h5 19. Nc4 Bh3 20. Rf2 g4 21. fxg4 Rxf2 22. Kxf2 Qf6+ 23. Ke1 Rf8 24. Kd2 b5 25. gxh5 Bh6+ 26. Kc3 Qf2 27. Qd1 bxc4 28. hxg6 cxb3 29. Rb1 Rb8 30. d4 exd4+ 31. Kc4 Bd7 32. Bd3 Bb5+ 33. Kxb3 Bxd3+ 34. Ka2 Bxb1+ 35. Qxb1 c4 0-1

[Event "Mecklenburg VP VL 1112"]
[Site "Mecklenburg VP"]
[Date "2012.01.15"]
[Round "5.8"]
[White "Stoevesand, Peter"]
[Black "Mangold, Thomas"]
[Result "1/2-1/2"]
[WhiteElo "1735"]
[BlackElo "1800"]
[PlyCount "86"]
[EventDate "2011.10.02"]
[EventType "team-tourn"]
[EventRounds "9"]
[EventCountry "GER"]
[SourceTitle "EXT 2022"]
[Source "ChessBase"]
[SourceDate "2021.10.06"]
[SourceVersion "1"]
[SourceVersionDate "2021.10.06"]
[SourceQuality "1"]
[WhiteTeam "Neubrandenburg SG Eintracht"]
[BlackTeam "Rostock SSC 07 II"]
[WhiteTeamCountry "GER"]
[BlackTeamCountry "GER"]

1. e4 e5 2. Nf3 d6 3. d4 exd4 4. Nxd4 Nf6 5. Nc3 Be7 6. Bc4 0-0 7. Bf4 Re8 8. 0-0 Bf8 9. f3 Nbd7 10. Qd2 Ne5 11. Be2 c6 12. Nb3 Ng6 13. Bg3 Nh5 14. Bf2 Nhf4 15. Rfe1 Qg5 16. Bg3 h5 17. Bf1 h4 18. Bxf4 Nxf4 19. Kh1 Qf6 20. Rad1 Nh5 21. Qf2 Qg5 22. Nc1 Ng3+ 23. Kg1 Nxf1 24. Kxf1 Be6 25. Nd3 Be7 26. a4 Qa5 27. Rd2 Qc7 28. Kg1 b6 29. Ne2 Rad8 30. Nd4 Bc8 31. f4 a6 32. h3 c5 33. Nf3 c4 34. Nb4 Bb7 35. Nd5 Bxd5 36. Rxd5 Bf6 37. c3 Qc6 38. a5 Rxe4 39. Red1 b5 40. Nxh4 g6 41. g4 Qe8 42. g5 Re2 43. Qg3 Bg7 1/2-1/2

[Event "Mecklenburg VP-ch U25"]
[Site "Malchow"]
[Date "2009.02.10"]
[Round "7.3"]
[White "Hirsch, Danilo"]
[Black "Mangold, Thomas"]
[Result "0-1"]
[WhiteElo "1076"]
[BlackElo "1824"]
[PlyCount "68"]
[EventDate "2009.02.08"]
[EventType "tourn"]
[EventRounds "6"]
[EventCountry "GER"]
[SourceTitle "EXT 2022"]
[Source "ChessBase"]
[SourceDate "2021.10.06"]
[SourceVersion "1"]
[SourceVersionDate "2021.10.06"]
[SourceQuality "1"]

1. d4 f5 2. Nc3 Nf6 3. Bg5 e6 4. e4 fxe4 5. Nxe4 Be7 6. Nxf6+ Bxf6 7. Bxf6 Qxf6 8. Nf3 d6 9. Qd3 Nc6 10. 0-0-0 Bd7 11. Qb3 0-0 12. Bb5 a6 13. Be2 b5 14. d5 Ne7 15. dxe6 Bxe6 16. Qa3 Nd5 17. Nd4 Nb6 18. Nxe6 Qxe6 19. Bf3 Qh6+ 20. Kb1 d5 21. Rxd5 Nc4 22. Qc3 c6 23. Rd7 Qf6 24. Qxf6 Rxf6 25. b3 Ne5 26. Rd2 Nxf3 27. gxf3 Rxf3 28. Re1 Raf8 29. Ree2 Rh3 30. Re6 Rxh2 31. Rxc6 h5 32. Rc5 h4 33. Rh5 g6 34. Rh6 Kg7 0-1

[Event "Mecklenburg VP-ch U25"]
[Site "Malchow"]
[Date "2009.02.08"]
[Round "1.4"]
[White "Mangold, Thomas"]
[Black "Heiselbetz, Erik"]
[Result "1-0"]
[WhiteElo "1824"]
[BlackElo "796"]
[PlyCount "59"]
[EventDate "2009.02.08"]
[EventType "tourn"]
[EventRounds "6"]
[EventCountry "GER"]
[SourceTitle "EXT 2022"]
[Source "ChessBase"]
[SourceDate "2021.10.06"]
[SourceVersion "1"]
[SourceVersionDate "2021.10.06"]
[SourceQuality "1"]

1. f4 e6 2. Nf3 Nc6 3. e3 Bd6 4. Bb5 Nge7 5. b3 e5 6. fxe5 Nxe5 7. Bb2 f6 8. Nxe5 Bxe5 9. Bxe5 fxe5 10. Qh5+ Ng6 11. 0-0 a6 12. Bd3 Rf8 13. Bxg6+ hxg6 14. Qxg6+ Ke7 15. Qxg7+ Kd6 16. Qxf8+ Qxf8 17. Rxf8 Ke7 18. Rh8 Kf7 19. Nc3 Kg7 20. Rd8 Kf7 21. Rf1+ Ke7 22. Rdf8 d6 23. R1f7+ Ke6 24. Rxc7 d5 25. Rcxc8 Rxc8 26. Rxc8 d4 27. exd4 exd4 28. Rg8 dxc3 29. dxc3 Kd6 30. h4 1-0

[Event "Mecklenburg VP LL 0809"]
[Site "Mecklenburg VP"]
[Date "2009.02.01"]
[Round "6.4"]
[White "Kohn, Thomas2222"]
[Black "Mangold, Thomas"]
[Result "1/2-1/2"]
[WhiteElo "1940"]
[BlackElo "1838"]
[PlyCount "82"]
[EventDate "2008.10.05"]
[EventType "team-tourn"]
[EventRounds "9"]
[EventCountry "GER"]
[SourceTitle "EXT 2022"]
[Source "ChessBase"]
[SourceDate "2021.10.06"]
[SourceVersion "1"]
[SourceVersionDate "2021.10.06"]
[SourceQuality "1"]
[WhiteTeam "Stralsund FHSG"]
[BlackTeam "Rostock SSC 07 II"]
[WhiteTeamCountry "GER"]
[BlackTeamCountry "GER"]

1. Nf3 f5 2. g3 Nf6 3. Bg2 g6 4. d3 Bg7 5. 0-0 0-0 6. Re1 d6 7. e4 Nc6 8. Nc3 fxe4 9. dxe4 Bg4 10. h3 Bxf3 11. Bxf3 Nd7 12. Be3 Nde5 13. Bg2 e6 14. Qe2 Na5 15. Bc1 Rb8 16. Nb5 a6 17. Nd4 Qe7 18. c3 c5 19. Nc2 b5 20. Rb1 c4 21. Nb4 Nac6 22. Nxc6 Nxc6 23. f4 Rfc8 24. Bd2 Nd8 25. Rbd1 Nb7 26. Be3 Qc7 27. Qg4 Nc5 28. Kh2 Qe7 29. Bxc5 Rxc5 30. f5 Rf8 31. fxg6 Rg5 32. gxh7+ Kh8 33. Qh4 Be5 34. Re3 Rxg3 35. Qxe7 Rg7+ 36. Kh1 Rxe7 37. Rf3 Ref7 38. Rdf1 Rxf3 39. Rxf3 Rxf3 40. Bxf3 b4 41. Bg4 bxc3 1/2-1/2

[Event "Mecklenburg VP LL 0809"]
[Site "Mecklenburg VP"]
[Date "2008.11.30"]
[Round "3.4"]
[White "Mangold, Thomas"]
[Black "Altenburg, Reiner"]
[Result "1/2-1/2"]
[WhiteElo "1838"]
[BlackElo "1787"]
[PlyCount "64"]
[EventDate "2008.10.05"]
[EventType "team-tourn"]
[EventRounds "9"]
[EventCountry "GER"]
[SourceTitle "EXT 2022"]
[Source "ChessBase"]
[SourceDate "2021.10.06"]
[SourceVersion "1"]
[SourceVersionDate "2021.10.06"]
[SourceQuality "1"]
[WhiteTeam "Rostock SSC 07 II"]
[BlackTeam "Ludwigslust Post SV"]
[WhiteTeamCountry "GER"]
[BlackTeamCountry "GER"]

1. d4 d5 2. c4 c6 3. Nc3 Nf6 4. Nf3 e6 5. e3 Nbd7 6. Bd3 dxc4 7. Bxc4 b5 8. Bd3 a6 9. 0-0 c5 10. Re1 Bb7 11. Ng5 Be7 12. Nge4 c4 13. Nxf6+ Nxf6 14. Bf1 Bb4 15. Bd2 0-0 16. Qe2 Rc8 17. Red1 Qe7 18. a4 Bc6 19. axb5 axb5 20. f3 Rfd8 21. Be1 Nd5 22. e4 Nf4 23. Qc2 Qf6 24. Bf2 Qg6 25. Kh1 f5 26. e5 Qh5 27. Bg3 Nd5 28. Bf2 g5 29. Nxd5 Bxd5 30. Be2 Rf8 31. Ra7 g4 32. fxg4 Qg6 1/2-1/2

[Event "Mecklenburg VP LL 0809"]
[Site "Mecklenburg VP"]
[Date "2008.10.26"]
[Round "2.2"]
[White "Kliewe, Hans Juergen"]
[Black "Mangold, Thomas"]
[Result "1-0"]
[WhiteElo "2087"]
[BlackElo "1838"]
[PlyCount "103"]
[EventDate "2008.10.05"]
[EventType "team-tourn"]
[EventRounds "9"]
[EventCountry "GER"]
[SourceTitle "EXT 2022"]
[Source "ChessBase"]
[SourceDate "2021.10.06"]
[SourceVersion "1"]
[SourceVersionDate "2021.10.06"]
[SourceQuality "1"]
[WhiteTeam "Wismar ASV Gruen-Weiss"]
[BlackTeam "Rostock SSC 07 II"]
[WhiteTeamCountry "GER"]
[BlackTeamCountry "GER"]

1. d4 f5 2. Bf4 Nf6 3. e3 g6 4. Nf3 Bg7 5. Bc4 c5 6. c3 Nc6 7. 0-0 Qb6 8. Qc2 d5 9. Be2 Bd7 10. Ne5 Nxe5 11. Bxe5 Rc8 12. Nd2 0-0 13. Nf3 Ng4 14. dxc5 Qxc5 15. Bd4 Qd6 16. Bxg7 Kxg7 17. Rad1 e5 18. Qb3 Bc6 19. h3 Nf6 20. c4 Rfd8 21. Qc3 e4 22. Nd4 Qe5 23. Qa5 a6 24. b3 Qe8 25. Rc1 Rd6 26. Rc2 dxc4 27. Bxc4 b5 28. Be2 Bb7 29. Rfc1 Rxc2 30. Rxc2 Nd5 31. Qa3 Qd7 32. Qc5 h6 33. g3 Kf6 34. Qa3 g5 35. Qb2 Kg6 36. Rc5 h5 37. Kh2 f4 38. Qc2 fxg3+ 39. Kxg3 h4+ 40. Kh2 Nb4 41. Qd2 Nc6 42. Bg4 Qe7 43. Nxc6 Bxc6 44. Qc3 Qf6 45. Qc2 Bb7 46. Kg2 Kh6 47. Rf5 Qg7 48. Qc5 Rf6 49. b4 Qf7 50. Qe5 Rxf5 51. Bxf5 Bd5 52. a3 1-0